000 01111nam a22003137a 4500
003 CHAP
005 20220329133858.0
008 971013s1922 r 00010 d
010 _a12164
011 _a13136
035 _a17207
040 _cCHAP
082 _a338.01
_bG4
100 0 0 _aGeorge, Henry.
_947674
245 _aprogreso y misería; indagación acerca de las crisis industriales y del aumento de la miseria al par del aumento de la riqueza; el remedio
260 _aMadrid :
_bFrancisco Beltrán, Librería Española y Extranjera,
_c1922
300 _a502 p.
490 _aBiblioteca moderna de filosofía y ciencias sociales
590 _aBATCH-UPD
_b10
_c20130110
_lUCH01
_h1914
590 _aBATCH-UPD
_b10
_c20130410
_lUCH01
_h1240
590 _aBATCH-UPD
_b10
_c20130914
_lUCH01
_h0625
590 _aCONVERSION
_b10
_c20130109
_lUCH01
_h1308
650 1 4 _aCostos y nivel de vida.
_928518
650 1 4 _aRiqueza.
_997508
830 0 _aBiblioteca moderna de filosofía y ciencias sociales
_912444
901 _aBK
942 _cLIBRO
949 _a338.01 G4
_bBC
_cLIBRO
_d-40783
_eLIBRO
_i17207
_si
999 _c12164
_d12164